[Event "VII Torneo Internazionale"]
[Site "Montecatini Terme ITA"]
[Date "2001.11.06"]
[Round "5"]
[White "Drei, Andrea"]
[Black "Mrdja, Milan"]
[Result "0-1"]
[WhiteElo "2250"]
[BlackElo "2380"]
[PlyCount "68"]
[EventDate "2001.11.04"]

1. e4 c5 2. Nc3 d6 3. f4 Nc6 4. Nf3 g6 5. Bc4 Bg7 6. O-O Nf6 7. d3 Bg4 8. h3
Bxf3 9. Qxf3 O-O 10. Be3 Nd7 11. e5 e6 12. exd6 Nd4 13. Qf2 Nf5 14. Ne2 Rc8 15.
c3 Nxe3 16. Qxe3 Nb6 17. Rad1 Qxd6 18. Bb3 a5 19. a3 Kh8 20. Ng3 Nd5 21. Qf2 f5
22. Qf3 b5 23. Bxd5 exd5 24. Rfe1 Rfe8 25. Re2 b4 26. axb4 cxb4 27. cxb4 Qxb4
28. Rde1 Rxe2 29. Rxe2 Bxb2 30. Qxd5 Qxf4 31. Kh2 Ba3 32. Qd7 Rf8 33. Re6 Bc5
34. Rc6 Bf2 0-1

[Event "VII Torneo Internazionale"]
[Site "Montecatini Terme ITA"]
[Date "2001.11.06"]
[Round "5"]
[White "Naumkin, Igor"]
[Black "Brancaleoni, Maurizio"]
[Result "1/2-1/2"]
[WhiteElo "2414"]
[BlackElo "2196"]
[PlyCount "102"]
[EventDate "2001.11.04"]

1. d4 Nf6 2. Nf3 d5 3. c4 e6 4. Nc3 dxc4 5. e4 Bb4 6. Bg5 c5 7. Bxc4 cxd4 8.
Nxd4 Bxc3+ 9. bxc3 Qa5 10. Bxf6 Qxc3+ 11. Kf1 gxf6 12. Rc1 Qa5 13. h4 Ke7 14.
Nb3 Qe5 15. Qd2 Nc6 16. Qe3 f5 17. Qg5+ Qf6 18. exf5 Qxg5 19. hxg5 exf5 20.
Re1+ Kf8 21. Rh6 Kg7 22. Nc5 Rb8 23. Rf6 Rf8 24. Nd3 Be6 25. Bxe6 fxe6 26.
Rfxe6 f4 27. Nc5 Rf5 28. Ne4 Re5 29. Rxe5 Nxe5 30. Nd6 Ng6 31. Rc1 Nf8 32. Rc7+
Kg6 33. Nxb7 Ne6 34. Rc6 Rxb7 35. Rxe6+ Kxg5 36. Ra6 Re7 37. Ra5+ Kg6 38. Kg1
Rb7 39. Kh2 h5 40. Kh3 Rb1 41. Kh2 Rb7 42. a3 Rc7 43. f3 Rb7 44. Kh3 Rb1 45. g4
fxg3 46. Kxg3 Rb7 47. Kh4 Rf7 48. Rg5+ Kh6 49. Rxh5+ Kg6 50. Rg5+ Kh6 51. Kg4
Rxf3 1/2-1/2

[Event "VII Torneo Internazionale"]
[Site "Montecatini Terme ITA"]
[Date "2001.11.06"]
[Round "5"]
[White "Vignato, Giovanni"]
[Black "Mukic, Josko"]
[Result "0-1"]
[WhiteElo "2123"]
[BlackElo "2362"]
[PlyCount "68"]
[EventDate "2001.11.04"]

1. d4 Nf6 2. e3 g6 3. f4 Bg7 4. Nf3 O-O 5. c3 b6 6. Bc4 d5 7. Bd3 Ba6 8. Bxa6
Nxa6 9. Qd3 Qc8 10. O-O c5 11. Bd2 c4 12. Qe2 Nc7 13. Be1 Nce8 14. Bh4 Nd6 15.
Nbd2 Rd8 16. Ng5 h6 17. Ngf3 b5 18. Ne5 a5 19. a3 Rb8 20. g4 b4 21. axb4 axb4
22. Ra7 bxc3 23. bxc3 Rb2 24. Qd1 Nb5 25. Qa1 Rxd2 26. Ra5 Nd6 27. h3 h5 28. f5
gxf5 29. Be1 Re2 30. g5 Nfe4 31. Qd1 Rxe3 32. Qxh5 Qe6 33. g6 fxg6 34. Nxg6 Ng3
0-1

[Event "VII Torneo Internazionale"]
[Site "Montecatini Terme ITA"]
[Date "2001.11.06"]
[Round "5"]
[White "Vismara, Daniele"]
[Black "Inkiov, Ventzislav V."]
[Result "1/2-1/2"]
[WhiteElo "2365"]
[BlackElo "2500"]
[PlyCount "129"]
[EventDate "2001.11.04"]

1. Nf3 Nf6 2. c4 e6 3. Nc3 d5 4. d4 Bb4 5. cxd5 exd5 6. Bg5 Nbd7 7. Qc2 c5 8.
dxc5 O-O 9. a3 Bxc3+ 10. Qxc3 Ne4 11. Bxd8 Nxc3 12. Bg5 Ne4 13. Be3 Ndxc5 14.
Bxc5 Nxc5 15. Rc1 Nb3 16. Rc3 Na5 17. e3 Be6 18. Nd4 Rfc8 19. Rxc8+ Rxc8 20.
Kd2 Nc6 21. Nxc6 bxc6 22. Ba6 Rc7 23. Rc1 Kf8 24. Rc5 Ke7 25. Bd3 Kd6 26. b4 h6
27. Kc3 Bc8 28. Kd4 Be6 29. Bc2 Rc8 30. Ba4 Rc7 31. f3 Rc8 32. Ra5 Rc7 33. Bb3
Bc8 34. Rc5 Be6 35. g3 Bd7 36. h4 f6 37. Bc2 Rb7 38. Bd3 Rc7 39. Be2 Rb7 40.
Bf1 Be6 41. f4 Rb6 42. Bd3 Rb7 43. e4 dxe4 44. Bxe4 Rc7 45. Bf3 Bd7 46. g4 Be8
47. Be4 Re7 48. Ra5 Rc7 49. g5 hxg5 50. fxg5 fxg5 51. Rxg5 Re7 52. Bg6 Bxg6 53.
Rxg6+ Kc7 54. Rg5 Kb6 55. a4 Rd7+ 56. Kc4 Rf7 57. a5+ Ka6 58. Kc5 Rf4 59. h5
Rh4 60. Rxg7 Rxh5+ 61. Kxc6 Rh6+ 62. Kc5 Rc6+ 63. Kd5 Rc1 64. Kd4 Rc4+ 65. Kxc4
1/2-1/2

[Event "VII Torneo Internazionale"]
[Site "Montecatini Terme ITA"]
[Date "2001.11.07"]
[Round "6"]
[White "Brancaleoni, Maurizio"]
[Black "Vignato, Giovanni"]
[Result "1-0"]
[WhiteElo "2196"]
[BlackElo "2123"]
[PlyCount "31"]
[EventDate "2001.11.04"]

1. e4 c6 2. c4 d5 3. exd5 cxd5 4. d4 Nf6 5. Nc3 Nc6 6. Bg5 Ne4 7. Nxe4 dxe4 8.
d5 h6 9. Bc1 Nb8 10. Ne2 g6 11. Qd4 Rg8 12. Qxe4 Nd7 13. Nc3 Nc5 14. Qe3 Qa5
15. b4 Qxb4 16. Rb1 1-0

[Event "VII Torneo Internazionale"]
[Site "Montecatini Terme ITA"]
[Date "2001.11.07"]
[Round "6"]
[White "Inkiov, Ventzislav V."]
[Black "Sciortino, Massimo"]
[Result "1-0"]
[WhiteElo "2500"]
[BlackElo "2201"]
[PlyCount "93"]
[EventDate "2001.11.04"]

1. d4 f5 2. Bg5 g6 3. c4 Bg7 4. Nc3 Nf6 5. h4 h6 6. Bxf6 Bxf6 7. e4 d6 8. Nf3
Nc6 9. Qd2 e5 10. exf5 Bxf5 11. dxe5 dxe5 12. O-O-O Qxd2+ 13. Nxd2 O-O-O 14.
Nde4 Rxd1+ 15. Kxd1 Rd8+ 16. Kc1 Bg7 17. Be2 Nd4 18. Bd3 c6 19. Rd1 b6 20. Kb1
Ne6 21. h5 Kc7 22. hxg6 Nf4 23. Bc2 Rxd1+ 24. Nxd1 Nxg2 25. Ng3 Bg4 26. f3 Bxf3
27. Nf5 Bf6 28. g7 Bxg7 29. Nxg7 Ne1 30. Nf2 Nxc2 31. Kxc2 h5 32. Nf5 Kd7 33.
Kd3 b5 34. Ke3 Bg2 35. cxb5 cxb5 36. Nd3 Bd5 37. a3 a5 38. Nxe5+ Ke6 39. Kf4
Ba2 40. Nd4+ Kd5 41. Nxb5 Bb3 42. Nc3+ Kc5 43. Kg5 a4 44. Kxh5 Kd4 45. Nd7 Kd3
46. Nc5+ Kc2 47. N3xa4 1-0

[Event "VII Torneo Internazionale"]
[Site "Montecatini Terme ITA"]
[Date "2001.11.07"]
[Round "6"]
[White "Metrangolo, Antonio"]
[Black "Drei, Andrea"]
[Result "0-1"]
[WhiteElo "2191"]
[BlackElo "2250"]
[PlyCount "92"]
[EventDate "2001.11.04"]

1. d4 Nf6 2. Nf3 e6 3. Bf4 c5 4. e3 Qb6 5. Qc1 Nh5 6. Bg5 h6 7. Bh4 g5 8. Bg3
Nxg3 9. hxg3 Bg7 10. c3 Nc6 11. Nbd2 d6 12. Ne4 Ne7 13. dxc5 dxc5 14. Qd2 Bd7
15. Nd6+ Kf8 16. O-O-O Bc6 17. e4 Rd8 18. Qc2 Qc7 19. Nc4 Rxd1+ 20. Kxd1 b5 21.
Ncd2 Ng6 22. Nb3 Ke7 23. Kc1 Qb6 24. Qe2 b4 25. Qe3 bxc3 26. bxc3 Rc8 27. Nfd2
Bb5 28. Bxb5 Qxb5 29. f4 gxf4 30. gxf4 Qa4 31. Kb1 c4 32. Nd4 Qa3 33. Ka1 Nxf4
34. Nb1 Qc5 35. Qxf4 Bxd4 36. Rxh6 Rg8 37. Rh7 Rg7 38. Rh8 Be5 39. Qh4+ Bf6 40.
Qh6 Qa5 41. e5 Bxe5 42. Qh4+ Bf6 43. Qxc4 Rxg2 44. Rc8 Be5 45. Qh4+ Kd7 46. Qc4
Qxa2+ 0-1

[Event "VII Torneo Internazionale"]
[Site "Montecatini Terme ITA"]
[Date "2001.11.07"]
[Round "6"]
[White "Mrdja, Milan"]
[Black "Vismara, Daniele"]
[Result "0-1"]
[WhiteElo "2380"]
[BlackElo "2365"]
[PlyCount "79"]
[EventDate "2001.11.04"]

1. e4 c5 2. Nf3 d6 3. d4 cxd4 4. Nxd4 Nf6 5. Nc3 a6 6. Be3 e6 7. f3 b5 8. g4
Nfd7 9. Qd2 Nb6 10. O-O-O N8d7 11. Qf2 Bb7 12. Bd3 Rc8 13. Nce2 Nc5 14. Kb1
Nba4 15. h4 Qc7 16. Bc1 Be7 17. b3 Nxd3 18. cxd3 Nc5 19. Ng3 b4 20. Nc2 a5 21.
d4 Nd7 22. Bb2 O-O 23. Rc1 Qb6 24. Ne3 Ba6 25. g5 a4 26. bxa4 Qa5 27. Rxc8 Rxc8
28. Rc1 Bd3+ 29. Ka1 Ra8 30. a3 Qxa4 31. Qd2 Qb3 32. Rd1 Bb5 33. Bc1 Nb6 34.
Qa2 Qc3+ 35. Kb1 Bd3+ 36. Rxd3 Qxd3+ 37. Qc2 Qxd4 38. Nef5 exf5 39. Nxf5 Qe5
40. Bb2 0-1

[Event "VII Torneo Internazionale"]
[Site "Montecatini Terme ITA"]
[Date "2001.11.08"]
[Round "7"]
[White "Sciortino, Massimo"]
[Black "Mrdja, Milan"]
[Result "1-0"]
[WhiteElo "2201"]
[BlackElo "2380"]
[PlyCount "60"]
[EventDate "2001.11.04"]

1. e4 c5 2. Nf3 d6 3. d4 cxd4 4. Nxd4 Nf6 5. Nc3 a6 6. f4 e6 7. Be3 Be7 8. Be2
O-O 9. O-O Nc6 10. Nb3 Qc7 11. a4 b6 12. Bf3 Rb8 13. Kh1 Bb7 14. Qe1 Na5 15.
Nxa5 bxa5 16. Rd1 Bc6 17. Bc1 Rfd8 18. g4 e5 19. g5 Nd7 20. f5 Nc5 21. b3 Rdc8
22. Nd5 Bxd5 23. Rxd5 Nd7 24. Bd1 Nb6 25. Rd3 Qb7 26. c4 Nd7 27. Rh3 Nc5 28.
Bc2 g6 29. f6 Bf8 30. Rxh7 Kxh7 1-0

[Event "VII Torneo Internazionale"]
[Site "Montecatini Terme ITA"]
[Date "2001.11.08"]
[Round "7"]
[White "Vismara, Daniele"]
[Black "Metrangolo, Antonio"]
[Result "1-0"]
[WhiteElo "2365"]
[BlackElo "2191"]
[PlyCount "61"]
[EventDate "2001.11.04"]

1. Nf3 Nf6 2. c4 c6 3. Nc3 d5 4. d4 g6 5. cxd5 cxd5 6. Bf4 Bg7 7. e3 O-O 8. Rc1
Bg4 9. Be2 Nc6 10. h3 Bf5 11. O-O Rc8 12. a3 Ne4 13. Nxe4 dxe4 14. Nd2 e5 15.
dxe5 Nxe5 16. Rxc8 Qxc8 17. g4 Bd7 18. Nxe4 Bc6 19. Qc2 Qe6 20. Rd1 h6 21. b4
Re8 22. b5 Bxe4 23. Qxe4 Qa2 24. Kf1 b6 25. a4 Qe6 26. Bg3 Qc8 27. Qd5 Qc3 28.
h4 Qa3 29. Kg2 Qxa4 30. f4 Qc2 31. Rd2 1-0

[Event "VII Torneo Internazionale"]
[Site "Montecatini Terme ITA"]
[Date "2001.11.08"]
[Round "8"]
[White "Ivanov, Jordan"]
[Black "Mukic, Josko"]
[Result "1/2-1/2"]
[WhiteElo "2446"]
[BlackElo "2362"]
[PlyCount "23"]
[EventDate "2001.11.04"]

1. Nf3 Nf6 2. c4 g6 3. Nc3 Bg7 4. e4 d6 5. d4 O-O 6. h3 e5 7. d5 Nh5 8. Nh2 Na6
9. Be3 Nc5 10. g3 a5 11. Bg2 Bd7 12. O-O 1/2-1/2

[Event "VII Torneo Internazionale"]
[Site "Montecatini Terme ITA"]
[Date "2001.11.08"]
[Round "8"]
[White "Metrangolo, Antonio"]
[Black "Sciortino, Massimo"]
[Result "1/2-1/2"]
[WhiteElo "2191"]
[BlackElo "2201"]
[PlyCount "32"]
[EventDate "2001.11.04"]

1. e4 d6 2. d4 Nf6 3. Nd2 g6 4. Ngf3 Bg7 5. c3 O-O 6. Bd3 c5 7. O-O cxd4 8.
cxd4 Nc6 9. Re1 Bg4 10. h3 Bxf3 11. Nxf3 Nd7 12. Be3 e5 13. d5 Nd4 14. Bxd4
exd4 15. Bb5 Nb8 16. Qa4 Qb6 1/2-1/2

[Event "VII Torneo Internazionale"]
[Site "Montecatini Terme ITA"]
[Date "2001.11.09"]
[Round "9"]
[White "Brancaleoni, Maurizio"]
[Black "Ivanov, Jordan"]
[Result "1/2-1/2"]
[WhiteElo "2196"]
[BlackElo "2446"]
[PlyCount "26"]
[EventDate "2001.11.04"]

1. d4 d5 2. c4 dxc4 3. Nf3 e6 4. e3 Nf6 5. Bxc4 c5 6. O-O Nc6 7. dxc5 Bxc5 8.
Qxd8+ Kxd8 9. a3 Bd6 10. Nbd2 Bd7 11. b4 a5 12. bxa5 Nxa5 13. Bd3 Bc6 1/2-1/2

[Event "VII Torneo Internazionale"]
[Site "Montecatini Terme ITA"]
[Date "2001.11.09"]
[Round "9"]
[White "Mukic, Josko"]
[Black "Inkiov, Ventzislav V."]
[Result "1/2-1/2"]
[WhiteElo "2362"]
[BlackElo "2500"]
[PlyCount "30"]
[EventDate "2001.11.04"]

1. Nf3 Nf6 2. g3 d5 3. c4 e6 4. b3 c5 5. Bb2 Nc6 6. Bg2 Be7 7. O-O O-O 8. e3 b6
9. Qe2 Bb7 10. d3 dxc4 11. bxc4 Qc7 12. Nc3 a6 13. Rab1 Rfd8 14. Rfd1 Na7 15.
a4 Bc6 1/2-1/2

[Event "VII Torneo Internazionale"]
[Site "Montecatini Terme ITA"]
[Date "2001.11.09"]
[Round "9"]
[White "Naumkin, Igor"]
[Black "Metrangolo, Antonio"]
[Result "1-0"]
[WhiteElo "2414"]
[BlackElo "2191"]
[PlyCount "53"]
[EventDate "2001.11.04"]

1. d4 d6 2. c4 Nf6 3. Nc3 d5 4. cxd5 Nxd5 5. e4 Nxc3 6. bxc3 c5 7. Nf3 Nc6 8.
d5 Nb8 9. c4 Bg4 10. Be2 Nd7 11. O-O e6 12. Bb2 Qc7 13. e5 O-O-O 14. d6 Qb6 15.
Bc3 Bxf3 16. Bxf3 Qa6 17. a4 Qxc4 18. Qb1 Qa6 19. Qa2 Nxe5 20. Bxe5 Bxd6 21.
Bxg7 Rhg8 22. Bf6 Rdf8 23. Rab1 b6 24. Rfd1 Rg6 25. Qd2 Bc7 26. Qd7+ Kb8 27.
Qc6 1-0

[Event "VII Torneo Internazionale"]
[Site "Montecatini Terme ITA"]
[Date "2001.11.09"]
[Round "9"]
[White "Sciortino, Massimo"]
[Black "Drei, Andrea"]
[Result "1/2-1/2"]
[WhiteElo "2201"]
[BlackElo "2250"]
[PlyCount "85"]
[EventDate "2001.11.04"]

1. e4 c5 2. Nf3 Nc6 3. Bb5 g6 4. O-O Bg7 5. c3 Nf6 6. e5 Nd5 7. d4 cxd4 8. cxd4
O-O 9. Nc3 Nxc3 10. bxc3 d6 11. exd6 Qxd6 12. a4 Rd8 13. Ba3 Qc7 14. Re1 Be6
15. Rxe6 fxe6 16. Ng5 Rd6 17. Qe2 Nd8 18. Bxd6 Qxc3 19. Rd1 exd6 20. Nxe6 Nxe6
21. Qxe6+ Kh8 22. Qxd6 Qc2 23. Rf1 a6 24. Bd7 Rd8 25. Qf4 Qc4 26. Rc1 Qxd4 27.
Qxd4 Bxd4 28. Rc8 Bb6 29. Rxd8+ Bxd8 30. Kf1 Kg7 31. Ke2 Kf6 32. Kd3 Ke5 33.
Kc4 Bb6 34. f3 Bg1 35. h4 Kf4 36. g4 Kxf3 37. h5 g5 38. Kd5 Kf4 39. h6 b5 40.
axb5 axb5 41. Bf5 Bb6 42. Bxh7 Ba5 43. Bf5 1/2-1/2

[Event "VII Torneo Internazionale"]
[Site "Montecatini Terme ITA"]
[Date "2001.11.10"]
[Round "10"]
[White "Inkiov, Ventzislav V."]
[Black "Brancaleoni, Maurizio"]
[Result "1/2-1/2"]
[WhiteElo "2500"]
[BlackElo "2196"]
[PlyCount "25"]
[EventDate "2001.11.04"]

1. d4 d5 2. c4 e6 3. Nf3 Nf6 4. g3 dxc4 5. Bg2 a6 6. O-O Nc6 7. Nc3 Rb8 8. e4
b5 9. d5 Nb4 10. Bg5 Be7 11. Ne5 Nd7 12. Bxe7 Qxe7 13. Nxd7 1/2-1/2

[Event "VII Torneo Internazionale"]
[Site "Montecatini Terme ITA"]
[Date "2001.11.10"]
[Round "10"]
[White "Mrdja, Milan"]
[Black "Mukic, Josko"]
[Result "0-1"]
[WhiteElo "2380"]
[BlackElo "2362"]
[PlyCount "52"]
[EventDate "2001.11.04"]

1. e4 c5 2. Nf3 Nc6 3. d4 cxd4 4. Nxd4 Nf6 5. Nc3 e5 6. Ndb5 d6 7. Bg5 a6 8.
Na3 b5 9. Bxf6 gxf6 10. Nd5 f5 11. Bd3 Be6 12. Qh5 Rg8 13. g3 Rg4 14. Qxh7 Nd4
15. O-O-O Rc8 16. c3 Bxd5 17. exd5 b4 18. Nc4 bxc3 19. bxc3 Nb5 20. Ne3 Rxc3+
21. Kd2 Rd4 22. Ke2 f4 23. Bxb5+ axb5 24. Rxd4 exd4 25. Qe4+ Qe7 26. Qxd4 Rc2+
0-1

[Event "VII Torneo Internazionale"]
[Site "Montecatini Terme ITA"]
[Date "2001.11.10"]
[Round "10"]
[White "Vismara, Daniele"]
[Black "Sciortino, Massimo"]
[Result "1/2-1/2"]
[WhiteElo "2365"]
[BlackElo "2201"]
[PlyCount "99"]
[EventDate "2001.11.04"]

1. Nf3 f5 2. d4 Nf6 3. g3 e6 4. Bg2 Be7 5. O-O O-O 6. c4 d6 7. Nc3 Qe8 8. b4
Bd8 9. Bb2 e5 10. dxe5 dxe5 11. Nd5 c6 12. Nxf6+ Bxf6 13. e4 f4 14. gxf4 exf4
15. e5 Be7 16. Qb3 Qg6 17. Kh1 Na6 18. a3 Bg4 19. Rfe1 Nc7 20. Rad1 Rad8 21.
Rxd8 Rxd8 22. Rd1 Rxd1+ 23. Qxd1 Qe4 24. h3 Bxf3 25. Bxf3 Qxc4 26. Kg2 Nd5 27.
Be2 f3+ 28. Bxf3 Nf4+ 29. Kh2 Nd3 30. Qd2 Nxb2 31. Qxb2 Bg5 32. Kg2 Bc1 33. Qe2
Qxe2 34. Bxe2 Bxa3 35. b5 cxb5 36. Bxb5 g5 37. Kf3 Kf7 38. Ke4 h5 39. f4 gxf4
40. Kxf4 Bc1+ 41. Ke4 h4 42. Kd5 Ke7 43. Bd3 Ba3 44. Bf5 b5 45. Bc8 a5 46. Ba6
b4 47. Kc4 Ke6 48. Kb3 Kxe5 49. Bb5 Kd4 50. Bd7 1/2-1/2

[Event "VII Torneo Internazionale"]
[Site "Montecatini Terme ITA"]
[Date "2001.11.11"]
[Round "11"]
[White "Ivanov, Jordan"]
[Black "Inkiov, Ventzislav V."]
[Result "1/2-1/2"]
[WhiteElo "2446"]
[BlackElo "2500"]
[PlyCount "26"]
[EventDate "2001.11.04"]

1. Nf3 Nf6 2. c4 e6 3. Nc3 d5 4. e3 c5 5. d4 Nc6 6. cxd5 exd5 7. Be2 a6 8. O-O
Bd6 9. dxc5 Bxc5 10. b3 O-O 11. Bb2 Ba7 12. Rc1 Re8 13. Na4 Ne4 1/2-1/2

[Event "VII Torneo Internazionale"]
[Site "Montecatini Terme ITA"]
[Date "2001.11.11"]
[Round "11"]
[White "Mukic, Josko"]
[Black "Metrangolo, Antonio"]
[Result "1-0"]
[WhiteElo "2362"]
[BlackElo "2191"]
[PlyCount "57"]
[EventDate "2001.11.04"]

1. Nf3 Nf6 2. b3 d5 3. Bb2 e6 4. e3 Bd6 5. c4 O-O 6. Bd3 Nbd7 7. cxd5 exd5 8.
Qc2 Re8 9. Nc3 Ne5 10. Be2 c6 11. d4 Ng6 12. h3 Qe7 13. O-O-O Ba3 14. Bd3 Ne4
15. Bxe4 dxe4 16. Nd2 f5 17. Rdg1 b5 18. g4 a5 19. gxf5 Bxf5 20. f3 a4 21. fxe4
axb3 22. axb3 Bxb2+ 23. Qxb2 Be6 24. h4 Nxh4 25. d5 Bd7 26. d6 Qf6 27. e5 Rxe5
28. Nce4 Ra1+ 29. Qxa1 1-0

[Event "II Weekend Val Bisagno"]
[Site "Genova ITA"]
[Date "2001.11.??"]
[Round "1"]
[White "Abbondanza, Christian"]
[Black "Latta, Federico"]
[Result "0-1"]
[WhiteElo "1374"]
[BlackElo "1612"]
[PlyCount "83"]
[EventDate "2001.11.03"]

1. e4 d6 2. d4 Nf6 3. Nc3 g6 4. f4 Bg7 5. Be2 c5 6. dxc5 Qa5 7. Bd2 Qxc5 8. Rb1
O-O 9. Bf3 Rd8 10. Qe2 Nc6 11. Qb5 Qxb5 12. Nxb5 e5 13. a3 a6 14. Nc7 Rb8 15.
c3 Rd7 16. Nd5 Nxd5 17. exd5 Na5 18. b3 b6 19. c4 Nb7 20. Ne2 Nc5 21. Nc1 e4
22. Be2 Bd4 23. Kd1 e3 24. Bg4 f5 25. Bf3 exd2 26. Kxd2 Re7 27. Ne2 Be3+ 28.
Kc2 a5 29. b4 axb4 30. axb4 Na6 31. Kc3 b5 32. c5 dxc5 33. d6 Rd7 34. Rhd1
cxb4+ 35. Rxb4 Nxb4 36. Kxb4 Bb7 37. Bxb7 Rbxb7 38. Rd3 Ba7 39. Nc3 Bb8 40.
Nxb5 Bxd6+ 41. Rxd6 Rxd6 42. Kc5 0-1

[Event "II Weekend Val Bisagno"]
[Site "Genova ITA"]
[Date "2001.11.??"]
[Round "1"]
[White "Astengo, Marcello"]
[Black "Bertone, Carmelo"]
[Result "1-0"]
[WhiteElo "2076"]
[BlackElo "1543"]
[PlyCount "59"]
[EventDate "2001.11.03"]

1. d4 d5 2. Nf3 Nc6 3. Bf4 e6 4. e3 Bd6 5. Bg3 Nf6 6. Bd3 O-O 7. c3 Ne4 8. Nbd2
f5 9. Qb3 Na5 10. Qa4 c5 11. Bxe4 Bxg3 12. hxg3 fxe4 13. Ne5 c4 14. Ke2 Nc6 15.
Nxc6 bxc6 16. Qxc6 Rb8 17. Rab1 Rb6 18. Qc5 Qf6 19. Rhf1 Ba6 20. f3 Rc8 21. Qa3
Qg6 22. fxe4 Qg4+ 23. Kf2 Rf8+ 24. Kg1 Rf7 25. Rxf7 Kxf7 26. Rf1+ Kg6 27. Qe7
Rb7 28. Qe8+ Kg5 29. Rf4 Qxg3 30. Nf3+ 1-0

[Event "II Weekend Val Bisagno"]
[Site "Genova ITA"]
[Date "2001.11.??"]
[Round "1"]
[White "Dormio, Luca"]
[Black "Evangelisti, Gianpaolo"]
[Result "1/2-1/2"]
[WhiteElo "1653"]
[BlackElo "1395"]
[PlyCount "148"]
[EventDate "2001.11.03"]

1. b3 e5 2. Bb2 d6 3. e3 Nf6 4. c4 b6 5. Nc3 Bb7 6. Nf3 h6 7. d4 exd4 8. exd4
Be7 9. Be2 O-O 10. O-O Nh7 11. Bd3 Bf6 12. Qc2 Ng5 13. Nxg5 Bxg5 14. Ne4 Nd7
15. f4 Bf6 16. Rae1 Re8 17. Kh1 d5 18. Ng3 Rxe1 19. Rxe1 Bh4 20. Re3 Bxg3 21.
hxg3 Nf6 22. Qe2 Qd7 23. Re7 Re8 24. Rxd7 Rxe2 25. Bxe2 Nxd7 26. Bf3 c6 27. Ba3
f6 28. Kh2 Kf7 29. f5 Bc8 30. cxd5 c5 31. dxc5 Nxc5 32. Bxc5 bxc5 33. g4 Ke7
34. Kg3 Bd7 35. Kf4 Kd6 36. Ke3 h5 37. Kf4 hxg4 38. Kxg4 g6 39. Be4 g5 40. Kh5
Ke5 41. Bc2 Kxd5 42. Kg6 Ke5 43. g4 Bc6 44. Bd1 Be4 45. Kf7 Bd5+ 46. Ke7 a5 47.
Kd7 c4 48. bxc4 Bxc4 49. a3 Bb5+ 50. Kc7 a4 51. Kb6 Be8 52. Kc5 Bd7 53. Kb4 Kf4
54. Kc3 Bc6 55. Kd4 Bf3 56. Bxf3 Kxf3 57. Kd5 Kxg4 58. Ke6 Kh4 59. Kxf6 g4 60.
Ke6 g3 61. f6 g2 62. f7 g1=Q 63. f8=Q Qe3+ 64. Kd5 Qd3+ 65. Kc6 Qc4+ 66. Qc5
Qe4+ 67. Kb5 Qe8+ 68. Kb4 Qe4+ 69. Qc4 Qxc4+ 70. Kxc4 Kg5 71. Kb4 Kf6 72. Kxa4
Ke7 73. Kb5 Kd7 74. Kb6 Kc8 1/2-1/2

[Event "II Weekend Val Bisagno"]
[Site "Genova ITA"]
[Date "2001.11.??"]
[Round "1"]
[White "Maiori, Nicola"]
[Black "Meo, Valerio"]
[Result "1-0"]
[WhiteElo "1699"]
[BlackElo "1443"]
[PlyCount "87"]
[EventDate "2001.11.03"]

1. e4 e5 2. Nc3 d6 3. d4 exd4 4. Qxd4 Nc6 5. Bb5 Bd7 6. Qd1 Be7 7. Nf3 h6 8.
O-O Bf6 9. Nd5 Be5 10. Nxe5 Nxe5 11. Bxd7+ Qxd7 12. b3 Ne7 13. Ne3 O-O-O 14.
Bb2 f6 15. f4 N5c6 16. c4 Rhe8 17. Qf3 Ng6 18. Rad1 Qf7 19. a3 Re7 20. Nd5 Red7
21. b4 Nce7 22. Nc3 Qxc4 23. Qf2 Kb8 24. Rd4 Qf7 25. Rc1 Nc8 26. a4 c6 27. a5
Nge7 28. b5 c5 29. Rdd1 Qb3 30. Rb1 Qc4 31. a6 b6 32. Ba1 d5 33. e5 d4 34. Ne4
fxe5 35. fxe5 Qd5 36. e6 Qxe6 37. Qf4+ Nd6 38. Re1 Qd5 39. Nxd6 Qxd6 40. Qxd6+
Rxd6 41. Rxe7 R8d7 42. Re8+ Kc7 43. Rbe1 Rd5 44. R1e6 1-0

[Event "II Weekend Val Bisagno"]
[Site "Genova ITA"]
[Date "2001.11.??"]
[Round "1"]
[White "Mentil, Renato"]
[Black "Finocchiaro, Lorenzo"]
[Result "0-1"]
[WhiteElo "1452"]
[BlackElo "1708"]
[PlyCount "88"]
[EventDate "2001.11.03"]

1. e4 e6 2. d4 d5 3. e5 c5 4. c3 Nc6 5. Nf3 Qb6 6. b3 Bd7 7. Be2 cxd4 8. cxd4
Bb4+ 9. Bd2 Nxd4 10. Nxd4 Qxd4 11. Bxb4 Qxb4+ 12. Qd2 Qxd2+ 13. Kxd2 Rc8 14.
Nc3 a6 15. Bd3 Ne7 16. Rac1 Nc6 17. f4 Ke7 18. Rc2 f6 19. exf6+ gxf6 20. Rhc1
Nb4 21. Rb2 Rhg8 22. g3 h5 23. Ne2 Rxc1 24. Nxc1 h4 25. Ne2 hxg3 26. Nxg3 Rg4
27. f5 e5 28. a3 Nc6 29. Kc3 Nd4 30. Be2 Rh4 31. Bf1 Nxf5 32. Nxf5+ Bxf5 33.
Rg2 d4+ 34. Kd2 Bh3 35. Rg7+ Kf8 36. Rg1 Bxf1 37. Rxf1 Rxh2+ 38. Kd3 Ke7 39. a4
Ke6 40. Rf3 f5 41. Kc4 Rc2+ 42. Kb4 b6 43. Ka3 e4 44. b4 Rc3+ 0-1

[Event "II Weekend Val Bisagno"]
[Site "Genova ITA"]
[Date "2001.11.??"]
[Round "1"]
[White "Strazzeri, Marco"]
[Black "Strazzeri, Roberto"]
[Result "1-0"]
[WhiteElo "1819"]
[BlackElo "1486"]
[PlyCount "29"]
[EventDate "2001.11.03"]

1. e4 c6 2. d4 d5 3. exd5 cxd5 4. c4 e6 5. c5 Nc6 6. Nf3 Nf6 7. Nc3 Be7 8. Bb5
O-O 9. O-O Bd7 10. Bf4 a6 11. Bxc6 bxc6 12. Ne5 Ne8 13. Re1 Bf6 14. Re3 Nc7 15.
Rh3 1-0

[Event "II Weekend Val Bisagno"]
[Site "Genova ITA"]
[Date "2001.11.??"]
[Round "2"]
[White "Bertone, Carmelo"]
[Black "Abbondanza, Christian"]
[Result "1/2-1/2"]
[WhiteElo "1543"]
[BlackElo "1374"]
[PlyCount "105"]
[EventDate "2001.11.03"]

1. e4 c5 2. Nf3 Nc6 3. Bc4 d6 4. O-O e6 5. Nc3 Be7 6. d4 cxd4 7. Nxd4 a6 8. Be3
Nf6 9. Qe2 O-O 10. Rfe1 Qc7 11. f4 Na5 12. Bd3 e5 13. Nf5 Bxf5 14. exf5 exf4
15. Bxf4 Qb6+ 16. Kh1 Qxb2 17. Qxe7 Qxc3 18. Bxd6 Rfe8 19. Bb4 Qxa1 20. Qxe8+
Rxe8 21. Rxa1 Nc6 22. Bc3 Nd5 23. Bd2 Ndb4 24. Bc3 Nd5 25. Bd2 Ndb4 26. Be1
Nxd3 27. cxd3 Nd4 28. Rb1 b5 29. g4 Re2 30. a4 Nf3 31. Bg3 Nd4 32. Kg1 Nf3+ 33.
Kf1 Re3 34. Rc1 f6 35. d4 Nxd4 36. Rc8+ Kf7 37. Rc7+ Re7 38. Rxe7+ Kxe7 39.
axb5 axb5 40. Ke1 Kd7 41. Kd2 Kc6 42. Kd3 Kd5 43. h4 Nf3 44. Ke3 Ne5 45. g5
fxg5 46. hxg5 b4 47. Be1 b3 48. Bc3 Nc4+ 49. Kf4 b2 50. Bxb2 Nxb2 51. f6 gxf6
52. gxf6 Ke6 53. Kg5 1/2-1/2

[Event "II Weekend Val Bisagno"]
[Site "Genova ITA"]
[Date "2001.11.??"]
[Round "2"]
[White "Cirabisi, Federico"]
[Black "Rivara, Massimo"]
[Result "1-0"]
[WhiteElo "2133"]
[BlackElo "1609"]
[PlyCount "83"]
[EventDate "2001.11.03"]

1. e4 c5 2. Nc3 e6 3. f4 d5 4. Nf3 d4 5. Bb5+ Nc6 6. Bxc6+ bxc6 7. Ne2 Nf6 8.
d3 Be7 9. O-O O-O 10. Ne5 Qc7 11. Rf3 Nd7 12. Nxd7 Bxd7 13. Rh3 f5 14. e5 Rf7
15. Ng3 g6 16. Qe2 Kh8 17. Nh1 Rg8 18. Nf2 Rfg7 19. Bd2 Be8 20. Kh1 Qb7 21. b3
Bd8 22. Rg1 Qd7 23. Nd1 Be7 24. Nb2 Qd5 25. Nc4 Qd7 26. Be1 Qd8 27. Bf2 Bd7 28.
Qe1 g5 29. fxg5 Bxg5 30. Nd6 Be8 31. b4 cxb4 32. Bxd4 a5 33. Qf2 Bg6 34. Bb6
Qa8 35. Qc5 Bd8 36. Bxd8 Rxd8 37. Qc4 Re7 38. Qh4 Rg7 39. Qf6 Rxd6 40. exd6 Qg8
41. Re1 Bf7 42. Rg3 1-0